000 00471nam a2200181Ia 4500
001 20156
003 GE_BSU
008 181216s||||||||xx |||||||||||||| ||und||
040 _cGE_BSU
245 _aParis Match, du 12 AU 18 janvier. №3530. 2017
260 _aParis
260 _c2017
300 _a115p. ill.30cm.
653 _aParis Match, du 12 AU 18 janvier. №3530. 2017
653 _aПериодика
653 _aპერიოდიკა
942 _cCR
999 _c53117
_d53117